000
00307nam a2200121Ia 4500
008
220204s9999 xx 000 0 und d
082
_a
541.124
_b
KIR
100
_a
Kirkwood, John G
245
0
_a
Chemical thermodynamics
260
_a
New York
_b
McGraw Hill
_c
1961
700
_a
Oppenheim, Irwin
942
_c
BK
999
_c
20444
_d
20444